God's Blue Print For The Family (Record no. 177)
[ view plain ]
| 000 -LEADER | |
|---|---|
| fixed length control field | 00486nam a22001817a 4500 |
| 003 - CONTROL NUMBER IDENTIFIER | |
| control field | OSt |
| 005 - DATE AND TIME OF LATEST TRANSACTION | |
| control field | 20180809115737.0 |
| 008 - FIXED-LENGTH DATA ELEMENTS--GENERAL INFORMATION | |
| fixed length control field | 180809b ||||| |||| 00| 0 eng d |
| 040 ## - CATALOGING SOURCE | |
| Transcribing agency | DLC |
| 082 ## - DEWEY DECIMAL CLASSIFICATION NUMBER | |
| Classification number | 248.4 |
| Item number | P324G |
| 100 ## - MAIN ENTRY--PERSONAL NAME | |
| Personal name | Paul, REv. Dr. K. V. Paul |
| 245 ## - TITLE STATEMENT | |
| Title | God's Blue Print For The Family |
| Statement of responsibility, etc. | Rev. Dr. K. V. Paul Pillai |
| 260 ## - PUBLICATION, DISTRIBUTION, ETC. | |
| Place of publication, distribution, etc. | Haryana |
| Name of publisher, distributor, etc. | Fazl Publishers |
| Date of publication, distribution, etc. | c 1976 |
| 300 ## - PHYSICAL DESCRIPTION | |
| Extent | 167p.: |
| 650 ## - SUBJECT ADDED ENTRY--TOPICAL TERM | |
| Topical term or geographic name entry element | christian life |
| 700 ## - ADDED ENTRY--PERSONAL NAME | |
| Personal name | Rve. Dr. K. V. Paul Pillai |
| 942 ## - ADDED ENTRY ELEMENTS (KOHA) | |
| Source of classification or shelving scheme | Dewey Decimal Classification |
| Koha item type | Books |
| Withdrawn status | Lost status | Source of classification or shelving scheme | Damaged status | Not for loan | Collection code | Home library | Current library | Shelving location | Date acquired | Total Checkouts | Full call number | Barcode | Date last seen | Price effective from | Koha item type |
|---|---|---|---|---|---|---|---|---|---|---|---|---|---|---|---|
| Dewey Decimal Classification | Non-fiction | Harvest Mission College | Harvest Mission College | General Stacks | 09.08.2018 | 248.4 P324G | 001713 | 09.08.2018 | 09.08.2018 | Books | |||||
| Dewey Decimal Classification | Non-fiction | Harvest Mission College | Harvest Mission College | General Stacks | 09.08.2018 | 248.4 P324G | 001715 | 09.08.2018 | 09.08.2018 | Books | |||||
| Dewey Decimal Classification | Non-fiction | Harvest Mission College | Harvest Mission College | General Stacks | 09.08.2018 | 248.4 P324G | 001716 | 09.08.2018 | 09.08.2018 | Books | |||||
| Dewey Decimal Classification | Non-fiction | Harvest Mission College | Harvest Mission College | General Stacks | 09.08.2018 | 248.4 P324G | 001717 | 09.08.2018 | 09.08.2018 | Books | |||||
| Dewey Decimal Classification | Non-fiction | Harvest Mission College | Harvest Mission College | General Stacks | 09.08.2018 | 248.4 P324G | 001714 | 09.08.2018 | 09.08.2018 | Books | |||||
| Dewey Decimal Classification | Non-fiction | Harvest Mission College | Harvest Mission College | General Stacks | 30.06.2025 | 248.4 P324G | 013320 | 30.06.2025 | 30.06.2025 | Books |
